000 01615nam a2200241Ia 4500
008 260220t1967||||xx |||||||||||||| ||spa||
040 _aPY-SlUNAC
_bspa
_erda
041 _aspa
082 _a923
_bG586r
100 _aGomez Santos, Marino
_eAutor
245 0 _aLa reina Victoria Eugenia de Cerca /
_cpor Marino Gomez Santos [Autor]
264 _aBarcelona :
_bGP,
_c℗1967.
300 _a1 volumen
520 _aEl libro "La reina Victoria Eugenia de Cerca" de Marino Gómez Santos ofrece una biografía íntima y detallada de la figura de Victoria Eugenia de Battenberg, esposa del rey Alfonso XIII de España. A través de una narrativa accesible y rica en anécdotas, el autor explora la vida personal y pública de la reina, desde su llegada a España hasta su exilio tras la proclamación de la Segunda República. Gómez Santos analiza el contexto histórico y político de la época, abordando la influencia de Victoria Eugenia en la corte española y su papel en la sociedad, así como su relación con la familia real y otros personajes clave. Además, el texto destaca su compromiso con la sanidad y la educación, así como su legado en la cultura española. La obra se convierte en un valioso recurso para comprender no solo la vida de una mujer emblemática, sino también los desafíos que enfrentó la monarquía española en un periodo convulso.
653 _aBiografía
653 _aHistoria
653 _aMonarquía
942 _b2026/02/17
_cBK
999 _c9464
_d9464